| 000 | 00538nam a22002057a 4500 | ||
|---|---|---|---|
| 999 |
_c7942 _d7942 |
||
| 003 | OSt | ||
| 005 | 20220805120549.0 | ||
| 008 | 220805b ||||| |||| 00| 0 eng d | ||
| 020 | _a9781133494683 | ||
| 040 | _cDDC | ||
| 082 |
_28th ed _a332.1 KOC 2015 |
||
| 100 |
_aKoch, Timothy _916137 |
||
| 245 | _aBank Management | ||
| 250 | _a8th ed. | ||
| 260 |
_aAustralia; _bCengage learning: _c2015 |
||
| 300 |
_axxi,178p; _bcol,ill: _c24cm |
||
| 504 | _aGlossary and index included | ||
| 650 |
_aBank Management _95315 |
||
| 942 |
_2ddc _cO_SHELF |
||